| 000 | 00502nam a22001937a 4500 | ||
|---|---|---|---|
| 003 | NUST - PNEC | ||
| 005 | 20170116181151.0 | ||
| 008 | 151201b xxu||||| |||| 00| 0 eng d | ||
| 020 | _a9870070671553 | ||
| 020 | _a0070671559 | ||
| 040 | _cLIBRARY | ||
| 082 | _a621.380 KRA | ||
| 100 |
_915479 _aKraus, John D. |
||
| 245 |
_aAntennas and wave propagation _cJohn D Kraus |
||
| 250 | _aFourth Edition | ||
| 260 | _cc.2010 | ||
| 650 |
_915480 _aAntennas (Electronics) _xMIS / EL |
||
| 942 |
_2ddc _cBK |
||
| 999 |
_c70980 _d70980 |
||